On This Day: October 27th II Quiz Stats

 Plays Quiz Updated Oct 27, 2018

Score 0/7 Timer 03:00
0 Plays Today
Question Answer Wrong Answers
This American city, known today as the ‘City of Brotherly Love’, is founded.
1682
Philadelphia
95.9%
Boston
2.2%
Plymouth
1.3%
New York
0.6%
This English actor and comedian, a Monty Python co-founder who has also had roles in films like ‘A Fish Called Wanda’ and ‘Clockwise’, is born.
1939
John Cleese
87.9%
Graham Chapman
3%
Kevin Kline
6.9%
Desmond Llewelyn
1.3%
This autonomous community in Spain declares their independence, leading the government of Spain to remove regional authorities and enforce direct rule the next day.
2017
Catalonia
81.2%
Andalusia
7.9%
Galicia
2.7%
Valencia
6.2%
A former commander of the ______ Airmen, Benjamin O. Davis, Jr. becomes the first African-American general in the US Air Force.
1954
Tuskegee
75.1%
Tuscaloosa
9.8%
Chattanooga
8%
Birmingham
5.9%
This man delivers a speech on behalf of Republican presidential candidate Barry Goldwater. Known as ‘A Time for Choosing’, the speech launches his political career.
1964
Ronald Reagan
60.2%
Richard Nixon
26.4%
George H. W. Bush
6%
Gerald Ford
5.8%
Missouri governor Lilburn Boggs issues the Extermination Order, which orders all ______ to leave the state or be exterminated.
1838
Mormons
33.7%
Jews
11.8%
Escaped Slaves
43.3%
Chinese Immigrants
10.7%
This nation on the Caspian Sea gains independence from the Soviet Union.
1991
Turkmenistan
31.5%
Afghanistan
4.6%
Ukraine
41.1%
Belarus
20.9%

You're not logged in!

Compare scores with friends on all Sporcle quizzes.
OR
Log In

Sporcle TV

Today on Sporcle TV


Watch our educational content, quiz creation guides, and fun videos on Sporcle TV.

Show Comments

Extras

Top Quizzes Today


Score Distribution

Your Account Isn't Verified!

In order to create a playlist on Sporcle, you need to verify the email address you used during registration. Go to your Sporcle Settings to finish the process.

Report this User

Report this user for behavior that violates our Community Guidelines.

Details: